<?xml version="1.0" encoding="UTF-8"?>
<marc:record xmlns:marc="http://www.loc.gov/MARC21/slim">
   <marc:leader>00000nam a2200000 a 4500</marc:leader>
   <marc:datafield ind1="1" ind2=" " tag="100">
      <marc:subfield code="a">Androsch, Hannes</marc:subfield>
      <marc:subfield code="4">aut</marc:subfield>
      <marc:subfield code="e">Verfasser/-in</marc:subfield>
   </marc:datafield>
   <marc:datafield ind1="0" ind2="0" tag="245">
      <marc:subfield code="a">Niemals aufgeben</marc:subfield>
   </marc:datafield>
   <marc:datafield ind1="0" ind2="0" tag="245">
      <marc:subfield code="b">Lebensbilanz und Ausblick</marc:subfield>
   </marc:datafield>
   <marc:datafield ind1=" " ind2="1" tag="264">
      <marc:subfield code="b">Ecowin</marc:subfield>
      <marc:subfield code="c">2015</marc:subfield>
   </marc:datafield>
   <marc:datafield ind1="1" ind2=" " tag="520">
      <marc:subfield code="a">Legendärer Finanzminister der Ära Kreisky, Chef der CA Creditanstalt Bankverein, Industrieller, Mäzen und Elder Statesmen, der offen seine Meinung sagt.  Hannes Androsch zieht zum ersten Mal sehr privat und ausführlich Bilanz. Er liefert ein einzigartiges Zeitdokument, das nicht nur Einblicke in Österreichs vielleicht bewegteste Jahrzehnte gibt, sondern auch einer jüngeren Generation Orientierung bietet.</marc:subfield>
   </marc:datafield>
   <marc:datafield ind1="3" ind2=" " tag="024">
      <marc:subfield code="a">9783711000682</marc:subfield>
   </marc:datafield>
</marc:record>
